| 000 | 00616aam a2200229 4500 | ||
|---|---|---|---|
| 005 | 20170127091342.0 | ||
| 008 | 150507b xxu||||| |||| 00| 0 spa d | ||
| 041 | _aspa | ||
| 082 | _a1.1.8 C843m | ||
| 100 |
_aCoto, Tatiana _931663 |
||
| 245 | _aThe best recipes Costa Rica | ||
| 260 |
_aCosta Rica _bJadine _c2007 |
||
| 300 | _a87 páginas | ||
| 650 |
_aCOSTA RICA _937331 |
||
| 650 |
_aCOMIDAS Y BEBIDAS TÍPICAS _96821 |
||
| 650 |
_aCOCINA COSTARRICENSE _93115 |
||
| 650 |
_aBEBIDAS _91735 |
||
| 650 |
_aPLATOS FUERTES _931665 |
||
| 650 |
_aPOSTRES _91710 |
||
| 650 |
_aPLATOS TÍPICOS _931666 |
||
| 942 | _cBK | ||
| 999 |
_c5220 _d5220 |
||